Retrospectroscope : (Record no. 879)

000 -LEADER
fixed length control field 01054cam a2200313 i 4500
001 - CONTROL NUMBER
control field 3668308
003 - CONTROL NUMBER IDENTIFIER
control field OSt
005 - DATE AND TIME OF LATEST TRANSACTION
control field 20210426095912.0
008 - FIXED-LENGTH DATA ELEMENTS--GENERAL INFORMATION
fixed length control field 780124r1977 caua b 001 0 eng
010 ## - LIBRARY OF CONGRESS CONTROL NUMBER
LC control number 77088230
020 ## - INTERNATIONAL STANDARD BOOK NUMBER
International Standard Book Number 0960147012
040 ## - CATALOGING SOURCE
Original cataloging agency eng
Transcribing agency DLC
Modifying agency eng
Language of cataloging eng
041 ## - LANGUAGE CODE
Language code of text/sound track or separate title eng
050 00 - LIBRARY OF CONGRESS CALL NUMBER
Classification number R850
Item number .C65
080 ## - UNIVERSAL DECIMAL CLASSIFICATION NUMBER
Universal Decimal Classification number 61
Item number C-73
082 00 - DEWEY DECIMAL CLASSIFICATION NUMBER
Classification number 610/.7/2
100 1# - MAIN ENTRY--PERSONAL NAME
Personal name Comroe, Julius H.
Fuller form of name (Julius Hiram),
Dates associated with a name 1911-
245 10 - TITLE STATEMENT
Title Retrospectroscope :
Remainder of title insights into medical discovery /
Statement of responsibility, etc. / by: Von Gehr Press
260 ## - PUBLICATION, DISTRIBUTION, ETC.
Place of publication, distribution, etc. Menlo Park, Calif.
Name of publisher, distributor, etc. Von Gehr Press
Date of publication, distribution, etc. 1977.
300 ## - PHYSICAL DESCRIPTION
Extent 182 p. :
Other physical details ill. ;
Dimensions 25 cm.
500 ## - GENERAL NOTE
General note "Essays originally appeared in the American review of respiratory disease."
504 ## - BIBLIOGRAPHY, ETC. NOTE
Bibliography, etc. note Includes bibliographical references and index.
650 #0 - SUBJECT ADDED ENTRY--TOPICAL TERM
Topical term or geographic name entry element Medicine
General subdivision Research
-- History.
650 #0 - SUBJECT ADDED ENTRY--TOPICAL TERM
Topical term or geographic name entry element Medical innovations
General subdivision History.
653 ## - INDEX TERM--UNCONTROLLED
Uncontrolled term მედიცინა
653 ## - INDEX TERM--UNCONTROLLED
Uncontrolled term სამედიცინო ინოვაციები
906 ## - LOCAL DATA ELEMENT F, LDF (RLIN)
a 7
b cbc
c orignew
d 2
e opcn
f 19
g y-gencatlg
942 ## - ADDED ENTRY ELEMENTS (KOHA)
Source of classification or shelving scheme
Koha item type Books
Holdings
Withdrawn status Lost status Source of classification or shelving scheme Damaged status Not for loan Permanent location Current location Date acquired Inventory number Total Checkouts Full call number Barcode Date last seen Price effective from Koha item type
          Ken Walker International University Ken Walker International University 12/29/2020 2354   61 C-73 2354 12/29/2020 12/29/2020 Books

Powered by Koha